Minecraft Items - J (26.1) - Statistics

General Stats
  • This quiz has been taken 4 times
  • The average score is 15 of 20
Answer Stats
Items % Correct
Jungle Leaves
100%
Jungle Log
100%
Jungle Planks
100%
Jungle Stairs
100%
Jungle Wood
100%
Jungle Boat
75%
Jungle Button
75%
Jungle Door
75%
Jungle Fence
75%
Jungle Hanging Sign
75%
Jungle Pressure Plate
75%
Jungle Sapling
75%
Jungle Sign
75%
Jungle Slab
75%
Jungle Trapdoor
75%
Jungle Boat with Chest
50%
Jungle Fence Gate
50%
Jungle Shelf
50%
Jack o'Lantern
25%
Jukebox
25%
No matching quizzes found
Score Distribution
Percent of People with Each Score
Percentile by Number Answered
Your Score History
You have not taken this quiz